UCL - Guess the finalists - Statistics

General Stats
  • This quiz has been taken 153 times
  • The average score is 62 of 76
Answer Stats
Year Winner Runner-Up % Correct
1958 Real Madrid AC Milan
100%
1993 Marseille AC Milan
100%
1995 Ajax AC Milan
100%
2005 Liverpool AC Milan
100%
1961 Benfica Barcelona
100%
1986 Steaua Bucuresti Barcelona
100%
1994 AC Milan Barcelona
100%
1967 Celtic Inter Milan
100%
1972 Ajax Inter Milan
100%
2023 Manchester City Inter Milan
100%
2025 Paris Saint-Germain Inter Milan
100%
2021 Chelsea Manchester City
100%
1962 Benfica Real Madrid
100%
1964 Inter Milan Real Madrid
100%
1981 Liverpool Real Madrid
100%
1982 Aston Villa Bayern Munich
99%
1987 Porto Bayern Munich
99%
1999 Manchester United Bayern Munich
99%
2010 Inter Milan Bayern Munich
99%
2012 Chelsea Bayern Munich
99%
1985 Juventus Liverpool
99%
2007 AC Milan Liverpool
99%
2018 Real Madrid Liverpool
99%
2022 Real Madrid Liverpool
99%
2009 Barcelona Manchester United
99%
2011 Barcelona Manchester United
99%
2020 Bayern Munich Paris Saint-Germain
99%
2013 Bayern Munich Borussia Dortmund
98%
2024 Real Madrid Borussia Dortmund
98%
2008 Manchester United Chelsea
98%
1974 Bayern Munich Atletico Madrid
97%
2014 Real Madrid Atletico Madrid
97%
2016 Real Madrid Atletico Madrid
97%
1973 Ajax Juventus
97%
1983 Hamburger SV Juventus
97%
1997 Borussia Dortmund Juventus
97%
1998 Real Madrid Juventus
97%
2003 AC Milan Juventus
97%
2015 Barcelona Juventus
97%
2017 Real Madrid Juventus
97%
2019 Liverpool Tottenham Hotspur
96%
Porto
93%
2006 Barcelona Arsenal
91%
1963 AC Milan Benfica
87%
1965 Inter Milan Benfica
87%
1968 Manchester United Benfica
87%
1988 PSV Eindhoven Benfica
87%
1990 AC Milan Benfica
87%
1969 AC Milan Ajax
86%
1996 Juventus Ajax
86%
1991 Red Star Belgrade Marseille
83%
Aston Villa
80%
1970 Feyenoord Celtic
80%
Nottingham Forest
80%
Red Star Belgrade
79%
PSV Eindhoven
78%
2002 Real Madrid Bayer Leverkusen
73%
1980 Nottingham Forest Hamburger SV
71%
2004 Porto AS Monaco
69%
2000 Real Madrid Valencia
67%
2001 Bayern Munich Valencia
67%
Feyenoord
66%
1984 Liverpool Roma
59%
1975 Bayern Munich Leeds United
38%
1956 Real Madrid Stade de Reims
38%
1959 Real Madrid Stade de Reims
38%
1960 Real Madrid Eintracht Frankfurt
36%
1989 AC Milan Steaua Bucuresti
36%
1976 Bayern Munich AS Saint-Étienne
34%
1978 Liverpool Club Brugge
34%
1957 Real Madrid Fiorentina
34%
1992 Barcelona Sampdoria
34%
1979 Nottingham Forest Malmö FF
33%
1977 Liverpool Borussia Monchengladbach
26%
1966 Real Madrid FK Partizan
25%
1971 Ajax Panathinaikos
25%
No matching quizzes found
Score Distribution
Percent of People with Each Score
Percentile by Number Answered
Your Score History
You have not taken this quiz